[Event "Budapest FS09 Nadassy"]
[Site "Budapest"]
[Date "2022.09.05"]
[Round "3.2"]
[White "Kahn, Evarth"]
[Black "Szakmary, Domonkos"]
[Result "1-0"]
[WhiteElo "2041"]
[BlackElo "1912"]
[PlyCount "55"]
[EventDate "2022.09.03"]
[EventType "schev"]
[EventRounds "9"]
[EventCountry "HUN"]
[SourceTitle "CBM 210 Extra"]
[Source "ChessBase"]
[SourceDate "2022.11.30"]
[SourceVersion "1"]
[SourceVersionDate "2022.11.30"]
[SourceQuality "1"]
[WhiteTeam "Team Higher Elo"]
[BlackTeam "Team Lower Elo"]
[WhiteTeamCountry "HUN"]
[BlackTeamCountry "HUN"]

1. d4 d5 2. Nf3 Nc6 3. g3 Bg4 4. Ne5 Nxe5 5. dxe5 e6 6. Bg2 c6 7. c4 Qc7 8. cxd5 exd5 9. Qd4 Be6 10. 0-0 Ne7 11. Nc3 g6 12. e4 Bg7 13. exd5 Bxe5 14. Qe3 Nxd5 15. Nxd5 cxd5 16. Re1 Bg7 17. Bxd5 0-0 18. Bxe6 Rae8 19. Qb3 fxe6 20. Rxe6 Kh8 21. Bf4 Qd7 22. Rae1 Rxe6 23. Rxe6 Rc8 24. Rd6 Qe7 25. Qd5 Bxb2 26. Rd7 Qe1+ 27. Kg2 Bg7 28. Rxg7 1-0

[Event "HUN-chT U18"]
[Site "Budapest"]
[Date "2021.10.24"]
[Round "1.26"]
[White "Szakmary, Domonkos"]
[Black "Kolimar, Kristof Pal"]
[Result "0-1"]
[WhiteElo "1696"]
[BlackElo "2150"]
[PlyCount "47"]
[EventDate "2021.10.24"]
[EventType "team-tourn"]
[EventRounds "7"]
[EventCountry "HUN"]
[SourceTitle "CBM 205 Extra"]
[Source "ChessBase"]
[SourceDate "2022.01.31"]
[SourceVersion "1"]
[SourceVersionDate "2022.01.31"]
[SourceQuality "1"]

1. e4 c5 2. Nf3 e6 3. d4 cxd4 4. Nxd4 a6 5. Nc3 Qc7 6. Qd3 Nf6 7. Qg3 d6 8. Be3 b5 9. a3 Nbd7 10. 0-0-0 Bb7 11. f3 Rc8 12. Bxb5 axb5 13. Ndxb5 Qa5 14. Nxd6+ Bxd6 15. Rxd6 Rxc3 16. Bd2 Nh5 17. Qf2 Rxc2+ 18. Kxc2 Qc7+ 19. Kb1 Qxd6 20. Bb4 Qd3+ 21. Ka1 f6 22. Rc1 Kf7 23. Rc7 Rc8 24. Qc5 0-1

[Event "Budapest FS09 FM"]
[Site "Budapest"]
[Date "2021.09.07"]
[Round "4"]
[White "Szakmary, Domonkos"]
[Black "Tolgyesi, Tibor"]
[Result "1-0"]
[WhiteElo "1692"]
[BlackElo "1502"]
[PlyCount "73"]
[EventDate "2021.09.04"]
[EventType "tourn"]
[EventRounds "9"]
[EventCountry "HUN"]
[SourceTitle "CBM 204 Extra"]
[Source "ChessBase"]
[SourceDate "2021.11.30"]
[SourceVersion "1"]
[SourceVersionDate "2021.11.30"]
[SourceQuality "1"]

1. e4 e5 2. Nf3 d6 3. d4 exd4 4. Nxd4 Nf6 5. Nc3 Be7 6. Bf4 0-0 7. Qd2 a6 8. 0-0-0 b5 9. f3 Bb7 10. Nf5 Bc8 11. g4 Nc6 12. h4 Ne5 13. Qg2 Qe8 14. h5 Bxf5 15. exf5 h6 16. g5 hxg5 17. Bxg5 Nh7 18. Bh6 Bf6 19. Ne4 Qd8 20. Bxg7 Bg5+ 21. Nxg5 Qxg5+ 22. Qxg5 Nxg5 23. Bxf8 Rxf8 24. f4 Ne4 25. Rg1+ Ng6 26. fxg6 fxg6 27. Rxg6+ Kh7 28. Bd3 Nf2 29. Rxd6+ Nxd3+ 30. R6xd3 Rxf4 31. Rd7+ Kh6 32. Rxc7 Kxh5 33. Rg1 Kh6 34. Rc8 Kh7 35. Rc3 Rh4 36. Rc7+ Kh8 37. Rd1 1-0

[Event "Budapest FS09 FM"]
[Site "Budapest"]
[Date "2021.09.04"]
[Round "1"]
[White "Tolgyesi, Tibor"]
[Black "Szakmary, Domonkos"]
[Result "1/2-1/2"]
[WhiteElo "1502"]
[BlackElo "1692"]
[PlyCount "61"]
[EventDate "2021.09.04"]
[EventType "tourn"]
[EventRounds "9"]
[EventCountry "HUN"]
[SourceTitle "CBM 204 Extra"]
[Source "ChessBase"]
[SourceDate "2021.11.30"]
[SourceVersion "1"]
[SourceVersionDate "2021.11.30"]
[SourceQuality "1"]

1. d4 d5 2. c4 dxc4 3. e4 e5 4. Bxc4 Qxd4 5. Qxd4 exd4 6. Nf3 Bb4+ 7. Nbd2 c5 8. Ne5 Nh6 9. 0-0 0-0 10. Nb3 Re8 11. Nd3 Be6 12. Bxe6 fxe6 13. Nxb4 cxb4 14. Bxh6 gxh6 15. Nxd4 Nc6 16. Nb3 Rad8 17. Rad1 Rxd1 18. Rxd1 Rd8 19. Rxd8+ Nxd8 20. Nc5 b6 21. Nd3 Nc6 22. f4 a5 23. Kf2 Nd4 24. Ke3 b3 25. a3 Nb5 26. Kd2 Nd6 27. Ke3 Nb5 28. Kd2 Nd6 29. Ke3 Nb5 30. Kd2 Nd6 31. Ke3 1/2-1/2

[Event "Tapolca Olympic Hopes"]
[Site "Tapolca"]
[Date "2021.06.26"]
[Round "6"]
[White "Szakmary, Domonkos"]
[Black "Szegedy, Matyas"]
[Result "0-1"]
[WhiteElo "1564"]
[BlackElo "1978"]
[PlyCount "98"]
[EventDate "2021.06.24"]
[EventType "swiss"]
[EventRounds "7"]
[EventCountry "HUN"]
[SourceTitle "CBM 203 Extra"]
[Source "ChessBase"]
[SourceDate "2021.09.30"]
[SourceVersion "1"]
[SourceVersionDate "2021.09.30"]
[SourceQuality "1"]

1. e4 c6 2. d4 d5 3. exd5 cxd5 4. c4 Nf6 5. Nc3 e6 6. c5 Nc6 7. Bb5 Be7 8. Nf3 0-0 9. 0-0 Qc7 10. Re1 a6 11. Ba4 Bd7 12. Rb1 Nb4 13. Bb3 b6 14. a3 Nc6 15. cxb6 Qxb6 16. Bc2 Rfe8 17. b4 h6 18. Qd3 Bd6 19. b5 Na5 20. bxa6 Qxa6 21. Qxa6 Rxa6 22. Ne5 Rc8 23. Bd3 Nc4 24. Nxd7 Nxd7 25. Nb5 Bf8 26. Rb3 Ra4 27. Nc3 Ra5 28. a4 Ndb6 29. Bxc4 Nxc4 30. Be3 Nxe3 31. fxe3 Bb4 32. Rxb4 Rxc3 33. e4 dxe4 34. Rxe4 Ra3 35. d5 Rxd5 36. Rb8+ Kh7 37. Ra8 Ra2 38. h3 Rg5 39. g4 Rd5 40. Rf4 Kg6 41. Rf2 Ra3 42. Ra7 f6 43. Kg2 Rdd3 44. h4 Rg3+ 45. Kf1 Rxg4 46. Rh2 Raxa4 47. h5+ Kf5 48. Rf2+ Raf4 49. Ra5+ e5 0-1

[Event "HUN-ch U12"]
[Site "Tapolca"]
[Date "2020.08.19"]
[Round "7"]
[White "Szegedy, Matyas"]
[Black "Szakmary, Domonkos"]
[Result "1-0"]
[WhiteElo "2007"]
[BlackElo "1396"]
[PlyCount "73"]
[EventDate "2020.08.15"]
[EventType "swiss"]
[EventRounds "7"]
[EventCountry "HUN"]
[SourceTitle "EXT 2023"]
[Source "ChessBase"]
[SourceDate "2022.10.05"]
[SourceVersion "1"]
[SourceVersionDate "2022.10.05"]
[SourceQuality "1"]
[WhiteTeam "Hungary"]
[BlackTeam "Hungary"]
[WhiteTeamCountry "HUN"]
[BlackTeamCountry "HUN"]

1. e4 c5 2. Nf3 Nc6 3. Bb5 e6 4. Bxc6 bxc6 5. d3 d5 6. c4 Ne7 7. Qe2 Ng6 8. h4 h5 9. e5 f6 10. Rh3 Qc7 11. exf6 gxf6 12. Nc3 Kf7 13. Bd2 Bd6 14. 0-0-0 Bd7 15. Rhh1 Rab8 16. Rhe1 Qb7 17. b3 Rbe8 18. Kc2 Nf4 19. Bxf4 Bxf4 20. d4 cxd4 21. Nxd4 e5 22. Nf3 Bf5+ 23. Kb2 Rd8 24. g3 Bh6 25. Nd2 Bg6 26. f3 Rhe8 27. c5 Bg7 28. g4 f5 29. gxf5 Bxf5 30. Rg1 e4 31. fxe4 Bg6 32. Rdf1+ Bf6 33. e5 Re6 34. Qg2 Rg8 35. exf6 Bh7 36. Qxg8+ Bxg8 37. Rg7+ 1-0